Ekologicko-ekonomické kontrasty některé problémy ekologie životního prostředí ve vybrané oblasti

Saved in:
Bibliographic Details
Main Author: Polách, Jiří
Format: Book
Language:Czech
Published: Praha Horizont 1985
Tags: Add Tag
No Tags, Be the first to tag this record!

MARC

LEADER 00000nam a2200000 4500
001 c104321
005 20111012081544.5
041 0 |a cze 
044 |a CZ 
245 1 0 |a Ekologicko-ekonomické kontrasty  |b některé problémy ekologie životního prostředí ve vybrané oblasti  |c Jiří Polách 
264 1 |a Praha  |b Horizont  |c 1985 
300 |a 100 s. 
100 1 |a Polách, Jiří